MARC

LEADER 00000nam0a2200000 4500
001 349148
005 20231102010157.0
035 |a (RuTPU)RU\TPU\retro\1170 
090 |a 349148 
100 |a 20180416d1980 km y0rusy50 ca 
101 1 |a rus  |c eng 
102 |a RU 
105 |a a z 000zy 
200 1 |a Коммуникации в организациях  |d Communication in organizations  |e пер. с англ.  |f Э. Роджерс, Р. Агарвала-Роджерс  |g под ред. Л. И. Евенко 
210 |a Москва  |c Экономика  |d 1980 
215 |a 176 с.  |c ил. 
510 1 |a Communication in organizations  |z eng 
606 1 |a Организация управления  |x Оценка  |2 stltpush  |3 (RuTPU)RU\TPU\subj\47296  |9 66350 
610 1 |a коммуникации 
610 1 |a теория организации 
610 1 |a научное управление 
610 1 |a человеческие отношения 
610 1 |a социальные системы 
610 1 |a открытые системы 
610 1 |a организационная среда 
610 1 |a организационная структура 
610 1 |a поведение 
610 1 |a нововведения 
610 1 |a менеджмент 
610 1 |a информационные связи 
675 |a 651.01  |v 4 
700 1 |a Роджерс  |b Э.  |g Эвергетт 
701 1 |a Агарвала-Роджерс  |b Р.  |g Рекха 
702 1 |a Евенко  |b Л. И.  |4 340 
801 1 |a RU  |b 63413507  |c 20180416 
801 2 |a RU  |b 63413507  |c 20190321  |g RCR 
942 |c BK